000 00361nam a2200133Ia 4500
008 240624s9999 xx 000 0 und d
041 _aeng
082 _a302.35 GRE
100 _aGREENBERG JERALD
245 _aBEHAVIOR IN ORGANIZATIONS UNDERSTANDING
260 _c2005
_aNew Delhi
_bPearson Education
300 _axxviii, : 691 : p. : cm ; 28
365 _cRS
_b33
999 _c3685
_d3685